| 000 | 00506nam a22001937a 4500 | ||
|---|---|---|---|
| 003 | CEME | ||
| 005 | 20210628202713.0 | ||
| 008 | 201231b xxu||||| |||| 00| 0 eng d | ||
| 020 | _a9789332535022 | ||
| 040 | _cceme | ||
| 082 | _a530.141 CHE | ||
| 100 |
_aCheng, David K _960464 |
||
| 245 | _aField and wave electromagnetics | ||
| 250 | _a2ND | ||
| 260 |
_aINDIA _bPEARSON EDUCATION _c2016 |
||
| 300 | _aXVI, 702P | ||
| 650 |
_aTEXTBOOK-DEE.FIELD AND WAVE ELECTROMAGNETICS _961177 |
||
| 942 |
_cBK _2ddc |
||
| 999 |
_c570718 _d570718 |
||